Southville International School and Colleges
Your cart is empty.
  • Cart
  • Lists
    Public lists Eva Luna New books Lux_list list_1
    Your lists Log in to create your own lists
  • Log in to your account
  • Your cookies
  • Search history
Southville International School and Colleges
  • Advanced search
  • Recent comments
  • Most popular
  • Libraries

Log in to your account

Log in with GOOGLE


If you do not have an external account, but do have a local account, you can still log in:

  1. Home
  2. MARC view: Textbook of forensic chemistry /
Normal view MARC view ISBD view

Textbook of forensic chemistry / (Record no. 283247)

[ view plain ]
MARC details
000 -LEADER
fixed length control field 00542nam a2200169Ia 4500
008 - FIXED-LENGTH DATA ELEMENTS--GENERAL INFORMATION
fixed length control field 150223s9999 xx 000 0 und d
020 ## - INTERNATIONAL STANDARD BOOK NUMBER
International Standard Book Number 9788183568388
050 ## - LIBRARY OF CONGRESS CALL NUMBER
Classification number RA 1057
Item number .IQ64 2011
100 ## - MAIN ENTRY--PERSONAL NAME
Personal name Iqbal, Syed Aftab.
245 ## - TITLE STATEMENT
Title Textbook of forensic chemistry /
260 ## - PUBLICATION, DISTRIBUTION, ETC. (IMPRINT)
Place of publication, distribution, etc New Delhi :
Name of publisher, distributor, etc Discovery Publishing House Pvt. Ltd.,
Date of publication, distribution, etc 2011
300 ## - PHYSICAL DESCRIPTION
Extent 310 pages :
Dimensions 22 cm.
504 ## - BIBLIOGRAPHY, ETC. NOTE
Bibliography, etc Includes Index.
650 ## - SUBJECT ADDED ENTRY--TOPICAL TERM
Topical term or geographic name as entry element Capillary electrophoresis.
650 ## - SUBJECT ADDED ENTRY--TOPICAL TERM
Topical term or geographic name as entry element Computer forensics
General subdivision Data recovery.
650 ## - SUBJECT ADDED ENTRY--TOPICAL TERM
Topical term or geographic name as entry element Cryptanalysis
General subdivision DNA profiling.

No items available.

Textbook of forensic chemistry /

APA

Iqbal S. A., . (2011). Textbook of forensic chemistry. New Delhi: Discovery Publishing House Pvt. Ltd.

Chicago

Iqbal Syed Aftab, . 2011. Textbook of forensic chemistry. New Delhi: Discovery Publishing House Pvt. Ltd.

Harvard

Iqbal S. A., . (2011). Textbook of forensic chemistry. New Delhi: Discovery Publishing House Pvt. Ltd.

MLA

Iqbal Syed Aftab, . Textbook of forensic chemistry. New Delhi: Discovery Publishing House Pvt. Ltd. 2011.

  • Print
  • Cite
  • Add to your cart (remove)
  • Save record
    BIBTEX Dublin Core MARCXML MARC (non-Unicode/MARC-8) MARC (Unicode/UTF-8) MARC (Unicode/UTF-8, Standard) MODS (XML) RIS
  • More searches
    Search for this title in:
    Other Libraries (WorldCat) Other Databases (Google Scholar) Online Stores (Bookfinder.com) Open Library (openlibrary.org)

Exporting to Dublin Core...

SOUTHVILLE LIBRARY

Southville International School and Colleges Library

1281 Tropical Ave. Cor. Luxembourg St., BF Homes International, Las Pinas City

Tel. No. 8256374 / 252358 Loc. 117/146

Powered by Koha